| 000 | 00817nam a2200253 a 4500 | ||
|---|---|---|---|
| 001 | 000020011 | ||
| 005 | 20200929170229.0 | ||
| 008 | 100712s1957 sp 001 d spa d | ||
| 040 |
_aDO-SdBNP _bspa _cBNPHU |
||
| 082 |
_a862.6 _bP393n, 1957 |
||
| 100 | 1 |
_aPemán, José María, _d1897-1981 _98191 |
|
| 245 | 1 | 0 |
_aNoche de levante en calma : _bdrama en cuatro actos / _cJosé María Pemán. |
| 250 | _a4a ed. | ||
| 260 |
_aMadrid : _bEspasa- Calpe, _c1957. |
||
| 300 |
_a166p. ; _c18 cm. |
||
| 490 | 1 |
_aAustral. Violeta: teatro y poesía _v234 |
|
| 500 | _aIncluye índice de autores. | ||
| 650 | 4 |
_aTeatro español _93071 |
|
| 650 | 4 |
_aLiteratura española _9632 |
|
| 740 | 0 | 2 | _aJulieta y Romeo: comedieta en prosa |
| 830 | 0 |
_aAustral. _pVioleta: teatro y poesía; _v234 _939559 |
|
| 910 | _aWM | ||
| 049 | _aBNGR | ||
| 999 |
_c19523 _d19523 |
||